Sports Quiz

Random Sports or Football Quiz

Germany's 1990 World Champion Team Quiz Stats

 Plays Quiz not verified by Sporcle

Challenge
Share
Tweet
Embed
Score 0/23 Timer 06:00
0 Plays Today
No. Player % Correct
18Jürgen Klinsmann
94.6%
9Rudi Völler
89.6%
10Lothar Matthäus
89.6%
3Andreas Brehme
81%
1Bodo Illgner
78.6%
---Franz Beckenbauer
75.5%
22Andreas Köpke
68%
8Thomas Häßler
66.9%
4Jürgen Kohler
65.7%
17Andreas Möller
61.9%
7Pierre Littbarski
60.8%
6Guido Buchwald
54.2%
No. Player % Correct
13Karlheinz Riedle
52.8%
5Klaus Augenthaler
51%
20Olaf Thon
49.3%
2Stefan Reuter
45.9%
14Thomas Berthold
42.7%
12Raimond Aumann
33.7%
15Uwe Bein
31.4%
11Frank Mill
22.1%
21Günther Hermann
16.4%
16Paul Steiner
16.1%
19Hans Pflügler
12.6%

You're not logged in!

Compare scores with friends on all Sporcle quizzes.
Join for Free
OR
Log In

You Might Also Like...

Show Comments

Extras

Top Quizzes Today


Score Distribution

Your Account Isn't Verified!

In order to create a playlist on Sporcle, you need to verify the email address you used during registration. Go to your Sporcle Settings to finish the process.

Report this User

Report this user for behavior that violates our Community Guidelines.

Details: